Mỹ học đại cương /

Đã lưu trong:
Sonraí Bibleagrafaíochta
Príomhúdar: Đỗ Văn Khang
Formáid: Leabhar
Teanga:Vietnamese
Foilsithe: ĐHQG.HN 2002
Clibeanna: Cuir Clib Leis
Gan Chlibeanna, Bí ar an gcéad duine leis an taifead seo a chlibeáil!
Thư viện lưu trữ: Mạng thư viện Đại học Đà Nẵng
LEADER 00608nam a2200265 4500
001 000027255
003 ĐÔ-K
005 20150403120000.0
008 150403s vm 000 vie
020 |c 0,0000 
040 |a notts 
100 |a Đỗ Văn Khang 
245 |a Mỹ học đại cương /  |c Đỗ Văn Khang. 
260 |b ĐHQG.HN  |c 2002 
OWN |a LTT 
999 |a From the UDN01 
TYP |a Monograph 
TYP |a Printed language 
980 |a Mạng thư viện Đại học Đà Nẵng